| 000 | 00567nam a22001937a 4500 | ||
|---|---|---|---|
| 003 | AM-YEHGA | ||
| 005 | 20250617164348.0 | ||
| 008 | 211229b2004 ai ||||| |||| 00| 0 arm d | ||
| 040 | _aAM-YeHGA | ||
| 041 | 0 | _aarm | |
| 100 | 1 | _aՂազարյան, Արսեն Սուրենի | |
| 245 | 1 | 0 |
_aՎեհացում դեպի Մհեր : _bՊոեմ / _cԱրսեն Ղազարյան |
| 260 |
_aԵրևան : _bՀելիոս, _c2004 |
||
| 300 |
_a84 էջ, _bդիմանկ. |
||
| 650 | 1 | 4 | _aՀայ գրականություն |
| 942 |
_2udc _cBK |
||
| 001 | 1811006 | ||
| 090 | _c525933 | ||
| 999 |
_c522337 _d522337 |
||